| 000 | 00498nam a22001337a 4500 | ||
|---|---|---|---|
| 082 | _aMSIT-12 AMJ | ||
| 100 |
_aSehrish Amjad _998558 |
||
| 245 | _aRevise: Research visualization and exploration tool for researchers and scholars | ||
| 260 |
_aIslamabad _bNUST-SEECS _c2015 |
||
| 300 |
_a84p. _bill.; _eCD ROM |
||
| 500 | _aSupervisors: Dr. Hamid Mukhtar, Dr. Sharifullah Khan, Dr. Khalid Latif, Dr. Muddassir Malik | ||
| 856 | _uhttp://10.250.8.41:8080/xmlui/handle/123456789/10135 | ||
| 942 |
_cPR _2ddc |
||
| 999 |
_c13444 _d13444 |
||